| 000 | 00741nam a2200229 a 4500 | ||
|---|---|---|---|
| 001 | BRCA_544 | ||
| 005 | 20190320203045.0 | ||
| 008 | 801006t19811979nyua---##b---#001-0#eng-# | ||
| 020 | _a0810906279 | ||
| 040 |
_aDLC _cDLC _dDLC |
||
| 041 | _aengfre | ||
| 050 | 4 |
_aN7343.5 _b.W37 1981 |
|
| 100 | 1 |
_aWatson, William _d1917- _91884 |
|
| 245 | 1 | 0 |
_aArt of Dynastic China _cWilliam Watson. |
| 260 |
_aNueva York _bHarry N. Abrams _c1981 |
||
| 300 |
_a633 p. _bil. (algunas a color), mapas, diagramas _c32 cm. |
||
| 500 | _aIncluye apéndices de pintores, cronología e índice alfabético | ||
| 500 | _aTraducción de: L´art de l´ancienne Chine | ||
| 504 | _aBibliografía: p. 613-618 | ||
| 650 | 1 | 4 |
_aArte chino _xHistoria _91885 |
| 942 |
_2lcc _cB |
||
| 999 |
_c475 _d475 |
||